[Event "II. UKSE Tournament B"]
[Site "Budapest"]
[Date "2011.06.22"]
[Round "5"]
[White "Krizsany, Laszlo Sr"]
[Black "Grimm, Gyorgy"]
[Result "1/2-1/2"]
[WhiteElo "1938"]
[BlackElo "1817"]
[PlyCount "26"]
[EventDate "2011.06.18"]
[EventType "tourn"]
[EventRounds "9"]
[EventCountry "HUN"]
[Source "Nadasi, Balazs"]
[SourceDate "2011.06.20"]

1. d4 c5 2. d5 Nf6 3. c4 g6 4. Nc3 Bg7 5. e4 O-O 6. Be2 d6 7. Bg5 Na6 8. Qd2
Nc7 9. f3 a6 10. g4 Bd7 11. Bh6 b5 12. Bxg7 Kxg7 13. h4 h5 1/2-1/2

[Event "II. UKSE Tournament B"]
[Site "Budapest"]
[Date "2011.06.22"]
[Round "5"]
[White "Zoldy, Robert"]
[Black "Yip, Michael"]
[Result "0-1"]
[WhiteElo "1980"]
[BlackElo "1968"]
[PlyCount "62"]
[EventDate "2011.06.18"]
[EventType "tourn"]
[EventRounds "9"]
[EventCountry "HUN"]
[Source "Nadasi, Balazs"]
[SourceDate "2011.06.20"]

1. e4 e6 2. d3 d5 3. Nd2 c5 4. Ngf3 Nc6 5. g3 Bd6 6. Bg2 Nge7 7. O-O Qc7 8. c3
O-O 9. Re1 Bd7 10. a3 b5 11. b3 Rac8 12. Bb2 f6 13. c4 bxc4 14. bxc4 d4 15. Nh4
e5 16. g4 g6 17. Qf3 Rb8 18. Bc1 Kg7 19. Qg3 Kh8 20. Ndf3 Rf7 21. Kh1 Nd8 22.
g5 Ne6 23. gxf6 Rxf6 24. Bh6 Nf4 25. Bxf4 Rxf4 26. Qg5 Bg4 27. Qh6 Bh5 28. Qg5
Rbf8 29. Qg3 Nc6 30. Ng5 Qe7 31. Nhf3 h6 0-1

[Event "II. UKSE Tournament B"]
[Site "Budapest"]
[Date "2011.06.22"]
[Round "5"]
[White "Szoke, Gabor"]
[Black "Mihaly, Zoltan"]
[Result "1-0"]
[WhiteElo "1908"]
[BlackElo "1720"]
[PlyCount "59"]
[EventDate "2011.06.18"]
[EventType "tourn"]
[EventRounds "9"]
[EventCountry "HUN"]
[Source "Nadasi, Balazs"]
[SourceDate "2011.06.20"]

1. d4 d5 2. c4 c6 3. Nc3 Nf6 4. Nf3 g6 5. e3 Bg7 6. Bd3 O-O 7. O-O Bg4 8. h3
dxc4 9. Bxc4 Bf5 10. a4 Qb6 11. Re1 Ne4 12. Nd2 Nxd2 13. Qxd2 e5 14. d5 cxd5
15. Bxd5 Rd8 16. a5 Qc7 17. e4 Bd7 18. Qe2 Bc6 19. Bg5 Rc8 20. Qf3 Na6 21. Rec1
Qd7 22. Rd1 Nb4 23. Bb3 Qe8 24. Rd2 h6 25. Bf6 Rc7 26. Rad1 Bxf6 27. Qxf6 Rd7
28. Qxg6+ Kf8 29. Qxh6+ Kg8 30. Rd6 1-0

[Event "II. UKSE Tournament B"]
[Site "Budapest"]
[Date "2011.06.23"]
[Round "6"]
[White "Szucs, Gabor"]
[Black "Krizsany, Laszlo Sr"]
[Result "1-0"]
[WhiteElo "1809"]
[BlackElo "1938"]
[PlyCount "49"]
[EventDate "2011.06.18"]
[EventType "tourn"]
[EventRounds "9"]
[EventCountry "HUN"]
[Source "Nadasi, Balazs"]
[SourceDate "2011.06.20"]

1. c4 e5 2. Nc3 Nc6 3. Nf3 Nf6 4. g3 g6 5. Bg2 Bg7 6. O-O O-O 7. d4 exd4 8.
Nxd4 Nxd4 9. Qxd4 d6 10. Bg5 h6 11. Bd2 Nd7 12. Qd3 Ne5 13. Qc2 Nxc4 14. Rfd1
Be6 15. Be1 c6 16. b3 Nb6 17. Rac1 Qe7 18. e3 d5 19. Ne2 f5 20. a3 Qxa3 21. Nf4
Bf7 22. Nd3 a5 23. b4 Rfc8 24. bxa5 Nc4 25. Bb4 1-0

[Event "II. UKSE Tournament B"]
[Site "Budapest"]
[Date "2011.06.23"]
[Round "6"]
[White "Vinnay, Istvan"]
[Black "Zoldy, Robert"]
[Result "0-1"]
[WhiteElo "1732"]
[BlackElo "1980"]
[PlyCount "54"]
[EventDate "2011.06.18"]
[EventType "tourn"]
[EventRounds "9"]
[EventCountry "HUN"]
[Source "Nadasi, Balazs"]
[SourceDate "2011.06.20"]

1. c4 e5 2. Nc3 Nc6 3. g3 Nf6 4. Bg2 Bb4 5. e3 Bxc3 6. dxc3 e4 7. Ne2 Ne5 8. b3
Nd3+ 9. Kf1 d5 10. cxd5 Qxd5 11. Nd4 c5 12. Qxd3 exd3 13. Bxd5 Nxd5 14. Nb5
Bh3+ 15. Ke1 Rd8 16. Kd2 a6 17. Na3 Nf6 18. Nb1 O-O 19. Ke1 Ne4 20. Bd2 Ng5 21.
f4 Ne4 22. c4 Rfe8 23. a4 Rd6 24. Ra2 Rde6 25. Rb2 Nxd2 26. Rxd2 Rxe3+ 27. Kf2
Re2+ 0-1

[Event "II. UKSE Tournament B"]
[Site "Budapest"]
[Date "2011.06.23"]
[Round "6"]
[White "Grimm, Gyorgy"]
[Black "Szoke, Gabor"]
[Result "0-1"]
[WhiteElo "1817"]
[BlackElo "1908"]
[PlyCount "82"]
[EventDate "2011.06.18"]
[EventType "tourn"]
[EventRounds "9"]
[EventCountry "HUN"]
[Source "Nadasi, Balazs"]
[SourceDate "2011.06.20"]

1. e4 e6 2. d4 d5 3. Nc3 Nf6 4. Bg5 dxe4 5. Nxe4 Be7 6. Bxf6 Bxf6 7. Nxf6+ Qxf6
8. Nf3 O-O 9. Bd3 c5 10. c3 cxd4 11. Nxd4 e5 12. Nb3 Qg5 13. O-O Nc6 14. Be4
Bg4 15. Qd2 Qe7 16. f3 Be6 17. Qe3 Rad8 18. Bxc6 bxc6 19. Qxe5 Rd5 20. Qe3 Rg5
21. Rfe1 Qf6 22. Nc5 Qg6 23. Qf2 Bh3 24. g3 h5 25. f4 Rd5 26. c4 Rd6 27. Ne4
Rd7 28. Ng5 Bg4 29. h3 Bf5 30. Nf3 Rd3 31. g4 Rxf3 32. Qxf3 hxg4 33. hxg4 Bxg4
34. Qg3 Rd8 35. Rf1 Rd3 36. Qg2 Qh5 37. Rac1 Bh3 38. Qe4 Qg4+ 39. Kh1 Bxf1 40.
Qe8+ Kh7 41. Qe4+ f5 0-1

[Event "II. UKSE Tournament B"]
[Site "Budapest"]
[Date "2011.06.23"]
[Round "6"]
[White "Mihaly, Zoltan"]
[Black "Farkas, Richard"]
[Result "1/2-1/2"]
[WhiteElo "1720"]
[BlackElo "1989"]
[PlyCount "142"]
[EventDate "2011.06.18"]
[EventType "tourn"]
[EventRounds "9"]
[EventCountry "HUN"]
[Source "Nadasi, Balazs"]
[SourceDate "2011.06.20"]

1. c4 Nf6 2. d4 g6 3. Nc3 d5 4. cxd5 Nxd5 5. e4 Nxc3 6. bxc3 Bg7 7. Bb5+ c6 8.
Be2 c5 9. Bb5+ Nc6 10. Bxc6+ bxc6 11. Be3 O-O 12. Ne2 cxd4 13. Bxd4 Qa5 14.
Bxg7 Kxg7 15. Qd4+ e5 16. Qb4 Qa6 17. Qe7 Qb5 18. a4 Qa5 19. Qb4 Qc7 20. O-O
Ba6 21. Rfe1 c5 22. Qb2 Rab8 23. Qc2 Rb6 24. Rab1 Rfb8 25. Rxb6 Rxb6 26. Nc1
Qc6 27. Rd1 Bc4 28. f3 Ra6 29. Nd3 f6 30. Nb2 Be6 31. c4 Rb6 32. Rd2 Rb4 33.
Qd3 Qb7 34. Qc3 Rb3 35. Qc2 Rb4 36. Kf2 Qa6 37. Qd3 g5 38. Rc2 Qb6 39. Qd2 Qa6
40. Qd8 Qb7 41. Qd2 Qc6 42. Qd8 Rb7 43. Rd2 Rd7 44. Rxd7+ Qxd7 45. Qxd7+ Bxd7
46. a5 Be6 47. g3 Kf7 48. Ke3 Ke7 49. f4 exf4+ 50. gxf4 gxf4+ 51. Kxf4 Kd6 52.
h4 h5 53. Ke3 Bd7 54. Nd3 Be6 55. Nf4 Bxc4 56. Nxh5 Ke5 57. Ng3 Bg8 58. Ne2 f5
59. exf5 Kxf5 60. Kd3 Kg4 61. Nc3 Kxh4 62. Nb5 Bd5 63. Nxa7 Kg5 64. Nc8 Kf6 65.
Nb6 Bb7 66. Nd7+ Ke7 67. Nxc5 Ba8 68. Kc4 Kd6 69. Kb5 Kc7 70. Na6+ Kb7 71. Nc5+
Ka7 1/2-1/2

[Event "II. UKSE Tournament B"]
[Site "Budapest"]
[Date "2011.06.24"]
[Round "7"]
[White "Zoldy, Robert"]
[Black "Mihaly, Zoltan"]
[Result "1-0"]
[WhiteElo "1980"]
[BlackElo "1720"]
[PlyCount "49"]
[EventDate "2011.06.18"]
[EventType "tourn"]
[EventRounds "9"]
[EventCountry "HUN"]
[Source "Nadasi, Balazs"]
[SourceDate "2011.06.20"]

1. e4 c5 2. Nf3 Nc6 3. Bb5 a6 4. Bxc6 bxc6 5. O-O g6 6. d4 e6 7. Nc3 cxd4 8.
Qxd4 Qf6 9. e5 Qd8 10. Bg5 Be7 11. Ne4 Bxg5 12. Nfxg5 Nh6 13. Nd6+ Kf8 14. Qf4
Kg7 15. Ngxf7 Nxf7 16. Qxf7+ Kh6 17. Rad1 Rf8 18. Rd3 Rxf7 19. Nxf7+ Kg7 20.
Nxd8 a5 21. Re1 Kf8 22. Rf3+ Ke7 23. Nf7 Ba6 24. Nd6 Rh8 25. Ree3 1-0

[Event "II. UKSE Tournament B"]
[Site "Budapest"]
[Date "2011.06.24"]
[Round "7"]
[White "Farkas, Richard"]
[Black "Grimm, Gyorgy"]
[Result "0-1"]
[WhiteElo "1989"]
[BlackElo "1817"]
[PlyCount "36"]
[EventDate "2011.06.18"]
[EventType "tourn"]
[EventRounds "9"]
[EventCountry "HUN"]
[Source "Nadasi, Balazs"]
[SourceDate "2011.06.20"]

1. e4 c5 2. Nf3 Nc6 3. d4 cxd4 4. Nxd4 Nf6 5. Nc3 e5 6. Nf5 d5 7. exd5 Bxf5 8.
dxc6 bxc6 9. Qf3 Qd7 10. Bg5 e4 11. Qf4 Bd6 12. Qd2 Be5 13. Qxd7+ Kxd7 14.
O-O-O+ Kc7 15. Bxf6 Bxf6 16. Ne2 Rhd8 17. Ng3 Bg5+ 18. f4 Bxf4+ 0-1

[Event "II. UKSE Tournament B"]
[Site "Budapest"]
[Date "2011.06.24"]
[Round "7"]
[White "Yip, Michael"]
[Black "Vinnay, Istvan"]
[Result "1-0"]
[WhiteElo "1968"]
[BlackElo "1732"]
[PlyCount "57"]
[EventDate "2011.06.18"]
[EventType "tourn"]
[EventRounds "9"]
[EventCountry "HUN"]
[Source "Nadasi, Balazs"]
[SourceDate "2011.06.20"]

1. Nf3 Nf6 2. c4 g6 3. Nc3 c5 4. d4 cxd4 5. Nxd4 Bg7 6. e4 d6 7. Be2 O-O 8. O-O
Bd7 9. Be3 Nc6 10. Nc2 Qc8 11. f3 h6 12. Rb1 b6 13. Qd2 Kh7 14. Rfc1 Rd8 15. b3
Rb8 16. Bf1 Be8 17. Nd5 Ng8 18. h3 h5 19. f4 e6 20. Nc3 Nce7 21. Nd4 Qd7 22.
Qf2 Qb7 23. Bd3 Nc6 24. Nf3 Nb4 25. Bf1 Bc6 26. a3 Na6 27. b4 Nc7 28. Ng5+ Kh8
29. Nxf7+ 1-0

[Event "II. UKSE Tournament B"]
[Site "Budapest"]
[Date "2011.06.24"]
[Round "7"]
[White "Szoke, Gabor"]
[Black "Szucs, Gabor"]
[Result "1/2-1/2"]
[WhiteElo "1908"]
[BlackElo "1809"]
[PlyCount "61"]
[EventDate "2011.06.18"]
[EventType "tourn"]
[EventRounds "9"]
[EventCountry "HUN"]
[Source "Nadasi, Balazs"]
[SourceDate "2011.06.20"]

1. d4 Nf6 2. c4 e6 3. Nc3 Bb4 4. Bg5 Bxc3+ 5. bxc3 h6 6. Bh4 d5 7. e3 Nbd7 8.
Nf3 g5 9. Bg3 Ne4 10. Qc2 Nxg3 11. fxg3 g4 12. Nh4 dxc4 13. Bxc4 Nb6 14. Bb3
Bd7 15. O-O Qe7 16. Qe4 O-O-O 17. Qxg4 Nd5 18. Bxd5 exd5 19. Qf4 Rde8 20. Rfe1
Rhf8 21. Qxh6 Qa3 22. Rac1 Kb8 23. Nf3 Qxa2 24. Ne5 Be6 25. Qf4 Rh8 26. h3 Bxh3
27. gxh3 Rxh3 28. Ng4 Reh8 29. Nf2 Rh2 30. Ra1 Qc2 31. Rac1 1/2-1/2

[Event "II. UKSE Tournament B"]
[Site "?"]
[Date "2011.06.25"]
[Round "8"]
[White "Grimm, Gyorgy"]
[Black "Zoldy, Robert"]
[Result "1/2-1/2"]
[WhiteElo "1817"]
[BlackElo "1980"]
[PlyCount "89"]
[EventDate "2011.??.??"]

1. e4 c5 2. Nf3 d6 3. d4 cxd4 4. Nxd4 Nf6 5. Nc3 a6 6. f3 e6 7. Be3 Be7 8. Qd2
Nc6 9. O-O-O Bd7 10. Nxc6 Bxc6 11. Bc4 b5 12. Bb3 Qd7 13. Bf4 b4 14. Ne2 d5 15.
exd5 Bxd5 16. Bxd5 Nxd5 17. Bg3 Qa4 18. Kb1 O-O 19. c4 bxc3 20. Nxc3 Nxc3+ 21.
Qxc3 Rad8 22. Qc2 Qb5 23. Rxd8 Rxd8 24. Rd1 Rxd1+ 25. Qxd1 Bf6 26. b3 h5 27. a4
Qc5 28. Qd2 Qg1+ 29. Qc1 Qd4 30. Ka2 h4 31. Bf4 Qf2+ 32. Kb1 g6 33. Qd2 Qg1+
34. Kc2 Qc5+ 35. Kd1 Qg1+ 36. Kc2 Qa1 37. Kd3 Qf1+ 38. Qe2 Qa1 39. Qd2 h3 40.
g4 g5 41. Bg3 Qf1+ 42. Qe2 Qg1 43. Kd2 Bb2 44. Qe1 Qd4+ 45. Kc2 1/2-1/2

[Event "II. UKSE Tournament B"]
[Site "?"]
[Date "2011.06.25"]
[Round "8"]
[White "Szucs, Gabor"]
[Black "Farkas, Richard"]
[Result "1/2-1/2"]
[WhiteElo "1809"]
[BlackElo "1989"]
[PlyCount "73"]
[EventDate "2011.??.??"]

1. c4 Nf6 2. Nc3 g6 3. g3 Bg7 4. Bg2 O-O 5. Nf3 d5 6. cxd5 Nxd5 7. O-O e5 8. d3
Na6 9. Bg5 Ne7 10. Rc1 h6 11. Bd2 Rb8 12. a3 c5 13. Ne4 b6 14. Bc3 Nc6 15. e3
Be6 16. Qe2 Nc7 17. Rfd1 f5 18. Ned2 Nd5 19. Nc4 Nxc3 20. bxc3 Bxc4 21. dxc4
Qc7 22. e4 Rbd8 23. exf5 gxf5 24. Nh4 Ne7 25. Qh5 e4 26. Ng6 Nxg6 27. Qxg6 Qf7
28. Qxf7+ Kxf7 29. Rd5 Rxd5 30. cxd5 c4 31. Bf1 b5 32. a4 a6 33. axb5 axb5 34.
Rb1 Bxc3 35. Rxb5 Rc8 36. Rb6 Bd4 37. Rc6 1/2-1/2

[Event "II. UKSE Tournament B"]
[Site "?"]
[Date "2011.06.25"]
[Round "8"]
[White "Krizsany, Laszlo Sr"]
[Black "Szoke, Gabor"]
[Result "1-0"]
[WhiteElo "1938"]
[BlackElo "1908"]
[PlyCount "39"]
[EventDate "2011.??.??"]

1. d4 d5 2. c4 e6 3. Nc3 Nf6 4. Bf4 Bb4 5. e3 O-O 6. Bd3 dxc4 7. Bxc4 Nd5 8.
Nge2 c6 9. Bg3 Bd6 10. e4 Bxg3 11. hxg3 Nxc3 12. bxc3 e5 13. Qc2 Qe7 14. f4 b5
15. Bd3 f6 16. a4 b4 17. f5 bxc3 18. Qb3+ Kh8 19. Kf2 exd4 20. Rxh7+ 1-0

[Event "II. UKSE Tournament B"]
[Site "?"]
[Date "2011.06.25"]
[Round "8"]
[White "Mihaly, Zoltan"]
[Black "Yip, Michael"]
[Result "0-1"]
[WhiteElo "1720"]
[BlackElo "1968"]
[PlyCount "58"]
[EventDate "2011.??.??"]

1. c4 c5 2. Nc3 Nc6 3. g3 g6 4. Bg2 Bg7 5. Nf3 e5 6. d3 Nge7 7. Bg5 f6 8. Bd2
d6 9. O-O O-O 10. Qc1 Be6 11. Bh6 Qd7 12. Bxg7 Kxg7 13. Re1 Rad8 14. Nd2 f5 15.
Nf3 h6 16. h4 b6 17. e3 f4 18. exf4 exf4 19. Ne4 Bg4 20. Qc3+ Kg8 21. Nf6+ Rxf6
22. Qxf6 Rf8 23. Qc3 fxg3 24. Re3 gxf2+ 25. Kxf2 Nf5 26. Rae1 Nxe3 27. Kxe3 Qf5
28. Rf1 Qf4+ 29. Ke2 Nd4+ 0-1

[Event "II. UKSE Tournament B"]
[Site "?"]
[Date "2011.06.26"]
[Round "9"]
[White "Zoldy, Robert"]
[Black "Szucs, Gabor"]
[Result "1/2-1/2"]
[WhiteElo "1980"]
[BlackElo "1809"]
[PlyCount "55"]
[EventDate "2011.??.??"]

1. e4 c5 2. Nf3 d6 3. d4 cxd4 4. Nxd4 Nf6 5. Nc3 a6 6. Bc4 e6 7. Bb3 Be7 8. O-O
O-O 9. Be3 Nc6 10. f4 Na5 11. Qf3 Nxb3 12. axb3 Qc7 13. f5 Bd7 14. Qg3 Kh8 15.
Rf3 e5 16. Nde2 Bc6 17. Bg5 Nxe4 18. Nxe4 Bxe4 19. f6 gxf6 20. Rxf6 Bg6 21. Qh4
Qxc2 22. Re1 Rae8 23. Rxg6 fxg6 24. Bxe7 Qc5+ 25. Kh1 Rf7 26. Bf6+ Kg8 27. Ng3
Ref8 28. Ne4 1/2-1/2

[Event "II. UKSE Tournament B"]
[Site "?"]
[Date "2011.06.26"]
[Round "9"]
[White "Vinnay, Istvan"]
[Black "Mihaly, Zoltan"]
[Result "1/2-1/2"]
[WhiteElo "1732"]
[BlackElo "1720"]
[PlyCount "36"]
[EventDate "2011.??.??"]

1. c4 c5 2. Nf3 Nc6 3. d4 cxd4 4. Nxd4 g6 5. e4 Bg7 6. Be3 Nf6 7. f3 O-O 8. Nc3
Qb6 9. Qd2 Nxe4 10. fxe4 Bxd4 11. Bxd4 Qxd4 12. O-O-O Qxd2+ 13. Rxd2 d6 14. Be2
b6 15. Bf3 Ne5 16. b3 Bd7 17. Nd5 Nc6 18. e5 Kg7 1/2-1/2

[Event "II. UKSE Tournament B"]
[Site "?"]
[Date "2011.06.26"]
[Round "9"]
[White "Farkas, Richard"]
[Black "Krizsany, Laszlo Sr"]
[Result "1/2-1/2"]
[WhiteElo "1989"]
[BlackElo "1938"]
[PlyCount "20"]
[EventDate "2011.??.??"]

1. d4 Nf6 2. c4 e6 3. Nc3 d5 4. Nf3 c6 5. a3 Bd6 6. Bg5 Nbd7 7. e4 dxe4 8. Nxe4
Be7 9. Nxf6+ Bxf6 10. Bxf6 Nxf6 1/2-1/2

[Event "II. UKSE Tournament B"]
[Site "?"]
[Date "2011.06.26"]
[Round "9"]
[White "Yip, Michael"]
[Black "Grimm, Gyorgy"]
[Result "1/2-1/2"]
[WhiteElo "1968"]
[BlackElo "1817"]
[PlyCount "26"]
[EventDate "2011.??.??"]

1. Nf3 Nf6 2. d4 g6 3. g3 Bg7 4. Bg2 O-O 5. O-O d5 6. c4 c6 7. cxd5 cxd5 8. Ne5
Ng4 9. Nxg4 Bxg4 10. h3 Bc8 11. Nc3 e6 12. Be3 Nc6 13. f4 Qe7 1/2-1/2

[Event "II. UKSE Tournament C"]
[Site "Budapest"]
[Date "2011.06.18"]
[Round "1"]
[White "Czegledi, Barna Jr"]
[Black "Csorba, Rudolf"]
[Result "1-0"]
[WhiteElo "1774"]
[BlackElo "1674"]
[PlyCount "91"]
[EventDate "2011.06.18"]
[EventType "tourn"]
[EventRounds "9"]
[EventCountry "HUN"]
[Source "Nadasi, Balazs"]
[SourceDate "2011.06.20"]

1. d4 d5 2. c4 e6 3. Nc3 Nf6 4. cxd5 Nxd5 5. e4 Nf6 6. Nf3 Be7 7. Bd3 b6 8. O-O
O-O 9. Qe2 g6 10. Rd1 c6 11. Bg5 Nh5 12. Bh6 Re8 13. g4 Nf6 14. h3 Bf8 15. Bg5
Be7 16. Bc4 Bb7 17. e5 Nd5 18. Ne4 Bxg5 19. Nfxg5 Nd7 20. Bxd5 cxd5 21. Nxf7
Kxf7 22. Nd6+ Kg7 23. Nxb7 Qh4 24. Nd6 Rf8 25. Kg2 Rf4 26. Qe3 Raf8 27. Nf5+
R4xf5 28. gxf5 gxf5 29. Qg3+ Qxg3+ 30. fxg3 b5 31. Rac1 Nb6 32. b3 Rf7 33. Rc6
Re7 34. Rdc1 Na8 35. Rc8 Nb6 36. R8c7 Rxc7 37. Rxc7+ Kg6 38. Rxa7 Nc8 39. Rc7
Nb6 40. Rb7 Nc8 41. Rxb5 Ne7 42. a4 Nc6 43. a5 Nxd4 44. Rb6 f4 45. gxf4 Kf5 46.
a6 1-0

[Event "II. UKSE Tournament C"]
[Site "Budapest"]
[Date "2011.06.19"]
[Round "2"]
[White "Balla, Attila"]
[Black "Czegledi, Barna Jr"]
[Result "1/2-1/2"]
[WhiteElo "1722"]
[BlackElo "1774"]
[PlyCount "95"]
[EventDate "2011.06.18"]
[EventType "tourn"]
[EventRounds "9"]
[EventCountry "HUN"]
[Source "Nadasi, Balazs"]
[SourceDate "2011.06.20"]

1. d4 c5 2. e3 e6 3. g3 d5 4. Bg2 Nc6 5. c3 Nf6 6. Nd2 Be7 7. dxc5 Bxc5 8. b4
Be7 9. Ngf3 O-O 10. O-O Nd7 11. Nd4 Nxd4 12. cxd4 Bxb4 13. Qb3 Bd6 14. Bb2 b6
15. a4 Ba6 16. Rfc1 Rc8 17. a5 Rxc1+ 18. Bxc1 Qc8 19. Ba3 Bxa3 20. Qxa3 Be2 21.
Rc1 Qa6 22. Rc7 Nf6 23. Nb3 Bc4 24. Nd2 b5 25. Bh3 Ne4 26. Nf3 Qd6 27. Qxd6
Nxd6 28. Rxa7 b4 29. Rd7 Nb5 30. Rb7 b3 31. Bf1 b2 32. Nd2 Rc8 33. a6 g6 34. a7
Bxf1 35. Kxf1 Nxa7 36. Rxb2 Kg7 37. Rb7 Nc6 38. f4 Na5 39. Rb5 Nc4 40. Ke2 Nxd2
41. Kxd2 h5 42. h4 Rc7 43. Ke2 Ra7 44. Kf3 Ra3 45. Rb7 Kf6 46. Rc7 Rb3 47. Ke2
Rb2+ 48. Kf3 1/2-1/2

[Event "II. UKSE Tournament C"]
[Site "Budapest"]
[Date "2011.06.20"]
[Round "3"]
[White "Zahonyi-Abel, Mark"]
[Black "Lorincz, Janos"]
[Result "1-0"]
[WhiteElo "1754"]
[BlackElo "1473"]
[PlyCount "42"]
[EventDate "2011.06.18"]
[EventType "tourn"]
[EventRounds "9"]
[EventCountry "HUN"]
[Source "Nadasi, Balazs"]
[SourceDate "2011.06.20"]

1. e4 c6 2. d4 d5 3. e5 Bf5 4. Nc3 e6 5. g4 Bg6 6. h4 h6 7. Bd3 Bxd3 8. Qxd3
Bb4 9. Bd2 Nd7 10. f4 c5 11. dxc5 Nxc5 12. Qb5+ Qd7 13. Qxb4 Qc6 14. Qb5 d4 15.
Qxc6+ bxc6 16. Nce2 O-O-O 17. Ng3 d3 18. c3 Ne7 19. Nf3 Na4 20. b3 Nb6 21. Ne4
Rhf8 1-0

[Event "II. UKSE Tournament C"]
[Site "Budapest"]
[Date "2011.06.20"]
[Round "3"]
[White "Czegledi, Barna Jr"]
[Black "Karacsonyi, Gellert"]
[Result "1-0"]
[WhiteElo "1774"]
[BlackElo "1276"]
[PlyCount "51"]
[EventDate "2011.06.18"]
[EventType "tourn"]
[EventRounds "9"]
[EventCountry "HUN"]
[Source "Nadasi, Balazs"]
[SourceDate "2011.06.20"]

1. d4 f5 2. Bg5 g6 3. h4 Nf6 4. h5 Nxh5 5. Rxh5 gxh5 6. e4 d6 7. Qxh5+ Kd7 8.
Nc3 Nc6 9. O-O-O Qe8 10. Qh3 Qg6 11. f4 Kd8 12. e5 d5 13. Nxd5 h6 14. Ne3 Bg7
15. Bh4 Ke8 16. d5 Nd8 17. e6 Rf8 18. Bd3 Bh8 19. Nxf5 Qh5 20. g4 Qg6 21. Nd6+
exd6 22. Bxg6+ Nf7 23. Re1 Bxb2+ 24. Kxb2 h5 25. exf7+ Kd7 26. gxh5# 1-0

[Event "II. UKSE Tournament C"]
[Site "Budapest"]
[Date "2011.06.21"]
[Round "4"]
[White "Csorba, Rudolf"]
[Black "Zahonyi-Abel, Mark"]
[Result "1-0"]
[WhiteElo "1674"]
[BlackElo "1754"]
[PlyCount "112"]
[EventDate "2011.06.18"]
[EventType "tourn"]
[EventRounds "9"]
[EventCountry "HUN"]
[Source "Nadasi, Balazs"]
[SourceDate "2011.06.20"]

1. e4 e6 2. Nf3 d5 3. exd5 exd5 4. d4 Nf6 5. c3 c6 6. Be2 Be7 7. O-O O-O 8.
Nbd2 Re8 9. Re1 Nbd7 10. Nb3 Ne4 11. Nbd2 f5 12. Bd3 Ndf6 13. Ne5 Nxd2 14. Bxd2
Ne4 15. Be3 Bf6 16. f3 Nd6 17. f4 Ne4 18. Rf1 Be6 19. Rf3 Rf8 20. Rh3 Bxe5 21.
dxe5 Qe7 22. Qb3 b6 23. c4 Rad8 24. a4 Qf7 25. Qa3 d4 26. Bc1 Bxc4 27. Bxe4
fxe4 28. Qg3 e3 29. Rh4 Rd5 30. h3 Rdd8 31. b4 Rde8 32. Bb2 c5 33. bxc5 bxc5
34. Ba3 Rc8 35. Rc1 Rc6 36. a5 Rg6 37. Qe1 Bd5 38. g3 Qe7 39. Kh2 Rc8 40. Qe2
Qb7 41. g4 c4 42. g5 Bf3 43. Qa2 e2 44. Bb2 Kh8 45. Bxd4 c3 46. e6 c2 47. Rh6
e1=Q 48. Rxe1 c1=Q 49. Rxc1 Rxc1 50. Qa3 Qc8 51. Kg3 Be4 52. Rxg6 hxg6 53.
Bxg7+ Kxg7 54. Qe7+ Kh8 55. Qf6+ Kh7 56. Kh4 Rc2 1-0

[Event "II. UKSE Tournament C"]
[Site "Budapest"]
[Date "2011.06.22"]
[Round "5"]
[White "Lorincz, Janos"]
[Black "Csorba, Rudolf"]
[Result "0-1"]
[WhiteElo "1473"]
[BlackElo "1674"]
[PlyCount "60"]
[EventDate "2011.06.18"]
[EventType "tourn"]
[EventRounds "9"]
[EventCountry "HUN"]
[Source "Nadasi, Balazs"]
[SourceDate "2011.06.20"]

1. e4 e6 2. d4 d5 3. exd5 Qxd5 4. b3 Nf6 5. Nf3 Be7 6. c4 Bb4+ 7. Bd2 Bxd2+ 8.
Qxd2 Qd8 9. Nc3 c6 10. a4 Nbd7 11. Bd3 g6 12. h3 b6 13. O-O Qe7 14. Ne4 Bb7 15.
Qc3 Nxe4 16. Bxe4 Nf6 17. Nd2 a5 18. f3 O-O 19. Rfe1 Rad8 20. Rad1 Nh5 21. Nf1
Bc8 22. Qe3 Kg7 23. g4 Nf6 24. Bc2 h6 25. f4 Ng8 26. Ng3 Qh4 27. Qf2 Qxh3 28.
g5 hxg5 29. fxg5 Qg4 30. Qf6+ Nxf6 0-1

[Event "II. UKSE Tournament C"]
[Site "Budapest"]
[Date "2011.06.22"]
[Round "5"]
[White "Zahonyi-Abel, Mark"]
[Black "Balla, Attila"]
[Result "0-1"]
[WhiteElo "1754"]
[BlackElo "1722"]
[PlyCount "97"]
[EventDate "2011.06.18"]
[EventType "tourn"]
[EventRounds "9"]
[EventCountry "HUN"]
[Source "Nadasi, Balazs"]
[SourceDate "2011.06.20"]

1. e4 e5 2. Nf3 Nc6 3. Bb5 f5 4. Nc3 fxe4 5. Nxe4 d5 6. Nxe5 dxe4 7. Nxc6 Qg5
8. Qe2 Nf6 9. f4 Qxf4 10. d4 Qd6 11. Nxa7+ c6 12. Bxc6+ bxc6 13. Nxc8 Qxd4 14.
c3 Qd8 15. Bg5 Rxc8 16. Bxf6 Qxf6 17. Qxe4+ Qe7 18. Qxe7+ Bxe7 19. O-O Rb8 20.
b4 Bf6 21. Rae1+ Kd7 22. Rf3 Ra8 23. Re2 Ra3 24. Rd2+ Kc7 25. c4 Rxf3 26. gxf3
Bc3 27. Rg2 Rd8 28. Rg4 Rd1+ 29. Kg2 Rd2+ 30. Kg3 Rxa2 31. b5 Ra4 32. bxc6 Kxc6
33. h4 Kc5 34. h5 h6 35. Re4 Rxc4 36. Kf4 Kd5 37. Kf5 Rxe4 38. fxe4+ Kd6 39.
Kf4 Ke6 40. Ke3 Bb2 41. Kf3 Ke5 42. Ke3 Bc1+ 43. Kf3 Bf4 44. Kg2 Kxe4 45. Kh3
Kf5 46. Kh4 Bg3+ 47. Kxg3 Kg5 48. Kh2 Kxh5 49. Kh3 0-1

[Event "II. UKSE Tournament C"]
[Site "Budapest"]
[Date "2011.06.23"]
[Round "6"]
[White "Karacsonyi, Gellert"]
[Black "Zahonyi-Abel, Mark"]
[Result "0-1"]
[WhiteElo "1276"]
[BlackElo "1754"]
[PlyCount "154"]
[EventDate "2011.06.18"]
[EventType "tourn"]
[EventRounds "9"]
[EventCountry "HUN"]
[Source "Nadasi, Balazs"]
[SourceDate "2011.06.20"]

1. e4 d5 2. exd5 Qxd5 3. Nc3 Qa5 4. Nf3 Nf6 5. d4 Bf5 6. Bd3 Bxd3 7. Qxd3 c6 8.
O-O e6 9. Bf4 Be7 10. Rfe1 Nbd7 11. Ne5 O-O 12. Nxd7 Nxd7 13. Be5 Nxe5 14. Rxe5
Qc7 15. Rae1 Bf6 16. Rh5 g6 17. Rh3 Rad8 18. Ne4 Bxd4 19. Qf3 Rd5 20. c3 Rf5
21. Qd3 Be5 22. g4 Rf4 23. Rh4 f6 24. Nc5 Re8 25. Rd1 Qe7 26. Qd7 g5 27. Rh5
Rxg4+ 28. Kh1 Rh4 29. Qxe7 Rxe7 30. Rxh4 gxh4 31. Rg1+ Kf7 32. Rg4 b6 33. Nd3
Bc7 34. Rxh4 Ke8 35. Kg2 f5 36. f4 c5 37. c4 Kf8 38. Rh6 Kg7 39. Rh5 h6 40. Rh3
Rd7 41. Rg3+ Kf6 42. h4 Rd4 43. h5 Bxf4 44. Rg6+ Kf7 45. Nxf4 Rxf4 46. b3 Rg4+
47. Rxg4 fxg4 48. Kg3 Kf6 49. Kxg4 e5 50. a3 a5 51. a4 Ke6 52. Kf3 Kf5 53. Ke3
e4 54. Ke2 Kg4 55. Ke3 Kxh5 56. Kxe4 Kg4 57. Ke3 Kg3 58. Ke2 Kg2 59. b4 h5 60.
bxa5 bxa5 61. Ke3 h4 62. Ke2 h3 63. Ke3 h2 64. Kf4 h1=Q 65. Ke3 Qd1 66. Ke4
Qd4+ 67. Kf5 Kg3 68. Ke6 Kg4 69. Ke7 Kg5 70. Ke6 Kg6 71. Ke7 Qe5+ 72. Kd7 Qd4+
73. Ke6 Kg5 74. Ke7 Kf5 75. Kf8 Kf6 76. Ke8 Qd1 77. Kf8 Qd8# 0-1